000 00244nam a2200097Ia 4500
001 988767
005 20250826221144.0
008 250824s9999 xx 000 0 und d
245 0 _aÇANAKKALEDEN CENNETE
_cFATİH DUMAN
260 _bNESİL YAYINEVİ
999 _c988767
_d988767